Requirements for registration of medicines in selected countries of European Union
Saved in:
| Main Author: | |
|---|---|
| Format: | Book Chapter |
| Language: | English |
| Subjects: | |
| Tags: |
No Tags, Be the first to tag this record!
|
MARC
| LEADER | 00000nla a2200000 4500 | ||
|---|---|---|---|
| 001 | 0224312 | ||
| 005 | 20240523115027.8 | ||
| 041 | 0 | |a eng | |
| 044 | |a SK | ||
| 245 | 1 | 0 | |a Requirements for registration of medicines in selected countries of European Union |c Tibor Tóth |
| 610 | 2 | 0 | |a liečivá |
| 610 | 2 | 0 | |a farmakológia |
| 610 | 2 | 0 | |a registrácia |
| 610 | 2 | 0 | |a harmonizácia |
| 610 | 2 | 0 | |a Európska únia |
| 100 | 1 | |a Tóth, Tibor | |